Fuentes para la historia de la Unión General de Trabajadores / por Aurelio Martín Nájera ... y Antonio González Quintana...
Descripción Física:
XX, 628 p. ; 24 cm
Otros Autores:
González Quintana, Antonio
MARC
| LEADER | 00000nam a2200000Ia 4500 | ||
|---|---|---|---|
| 001 | 8742 | ||
| 008 | 160829s1988 xx 000 0 cat d | ||
| 080 | |a M-2-92 | ||
| 100 | |a Martín Nájera, Aurelio |9 32266 | ||
| 245 | |a Fuentes para la historia de la Unión General de Trabajadores / por Aurelio Martín Nájera ... y Antonio González Quintana... | ||
| 260 | |a Madrid : |b Editorial Pablo Iglesias, |c 1988 | ||
| 300 | |a XX, 628 p. ; |c 24 cm | ||
| 650 | |a Unió General de Treballadors |x Història |x Fonts |9 32267 | ||
| 700 | |a González Quintana, Antonio |9 32268 | ||
| 901 | |a Arxiu | ||
| 942 | |n 1 | ||
| 952 | |0 0 |1 0 |4 0 |6 M292 |7 1 |9 45927 |a Arxiu |b Arxiu |d 2016-12-01 |l 0 |o M-2-92 |p 8742 |r 2016-12-01 00:00:00 |w 2016-12-01 |y ARXIU | ||
| 999 | |c 49428 |d 49428 | ||